Les prenoms les plus donnés en 1922 - Statistiques

Statistiques générales
  • Ce quiz a été pris 166 fois
  • Le résultat moyen est 33 sur 60
Statistiques - réponses
Rang Prénom % Correct
1 Jean
97%
1 Marie
93%
12 Paul
89%
3 Pierre
87%
8 Louis
84%
2 Jeanne
83%
15 Jacques
82%
19 François
79%
22 Michel
79%
18 Charles
75%
21 Louise
75%
10 Georges
71%
9 Henri
67%
5 Marcel
65%
2 André
63%
23 Anne
63%
4 René
63%
29 Yves
63%
7 Robert
62%
25 Léon
61%
6 Paulette
60%
19 Yvette
60%
24 Bernard
59%
12 Jacqueline
59%
14 Raymond
57%
13 Joseph
56%
16 Lucien
56%
11 Maurice
55%
18 Georgette
54%
17 Albert
53%
11 Renée
53%
6 Roger
52%
20 Emile
51%
7 Denise
49%
20 Simone
49%
9 Simonne
49%
5 Yvonne
49%
14 Andrée
48%
25 Henriette
48%
3 Madeleine
48%
8 Marcelle
48%
17 Raymonde
47%
26 Guy
46%
15 Lucienne
46%
26 Jeannine
44%
13 Odette
44%
4 Suzanne
43%
23 Gilbert
41%
10 Marguerite
41%
21 Fernand
40%
16 Germaine
37%
30 Fernande
36%
22 Hélène
36%
30 Gabriel
33%
28 Eugène
31%
27 Alice
29%
28 Marthe
29%
27 Gaston
25%
29 Gisèle
25%
24 Geneviève
22%
Aucun quiz correspondant
Distribution des résultats
% des personnes avec chaque résultat
Percentile par nombre de réponses
Votre historique - résultats
Vous n’avez pas pris ce quiz